Catálogo
 En Linea

The Great Victorian Collection / (Registro nro. 19419)

Detalles MARC
000 -CABECERA
campo de control de longitud fija 00453cam a2200157 i 4500
001 - NÚMERO DE CONTROL
campo de control 000019906
005 - FECHA Y HORA DE LA ÚLTIMA TRANSACCIÓN
campo de control 20200929170203.0
008 - DATOS DE LONGITUD FIJA--INFORMACIÓN GENERAL
campo de control de longitud fija 760513s1975 onc 000 1 eng
020 ## - NÚMERO INTERNACIONAL ESTÁNDAR DEL LIBRO
Número Internacional Estándar del Libro 0771064330
040 ## - FUENTE DE LA CATALOGACIÓN
Centro catalogador/agencia de origen DO-SdBNP
Centro/agencia transcriptor spa
Centro/agencia modificador BNPHU
082 ## - NÚMERO DE LA CLASIFICACIÓN DECIMAL DEWEY
Número de clasificación xxx
Número de documento/Ítem M821g
100 1# - ENTRADA PRINCIPAL--NOMBRE DE PERSONA
Nombre de persona Moore, Brian,
Fechas asociadas al nombre 1921-1999.
9 (RLIN) 42462
245 14 - MENCIÓN DE TÍTULO
Título The Great Victorian Collection /
Mención de responsabilidad, etc. Brian Moore.
260 ## - PUBLICACIÓN, DISTRIBUCIÓN, ETC.
Lugar de publicación, distribución, etc. Toronto :
Nombre del editor, distribuidor, etc. McClelland and Stewart,
Fecha de publicación, distribución, etc. 1975.
300 ## - DESCRIPCIÓN FÍSICA
Extensión 213 p. ;
Dimensiones 21 cm.
Existencias
Estado de retiro Estado de pérdida Restricciones de uso No para préstamo Código de colección Localización permanente Ubicación/localización actual Ubicación en estantería Fecha de adquisición Número de inventario Total de préstamos Signatura topográfica completa Código de barras Fecha visto por última vez Precio válido a partir de Tipo de ítem Koha
      Excluido de préstamo Monografías: Libros y Folletos General General En catalogación 08.07.2010 LF1   xxx M821g 19906-10 25.06.2020 25.06.2020 No se presta

Con tecnología Koha